Correctly Spelled European Countries - Sudden Death - Statistics

General Stats
  • This quiz has been taken 120 times
  • The average score is 10 of 23
Answers on the Grid
Answers color-coded by a green-red scale on the quiz's grid according to % correct below.
Albania
Andora
Austria
Bellarus
Belguim
Bosnia and Herzegovinia
Bulgaria
Croatia
Czech Republic
Dinmark
Estonia
Finlind
France
Germany
Greece
Hungry
Iceland
Ireland
Itily
Kosovo
Litvia
Leichtenstien
Lithuania
Luxembourgh
Malta
Moldava
Monako
Montinegro
Neverlands
North Macedonia
Norway
Poland
Pourtugal
Romenia
Russia
San Marino
Serbia
Slovackia
Slovenia
Spain
Sweeden
Switserland
Ucraine
United Kingdum
Vatican City
 
Answer Stats
Answer % Correct
Albania
96%
Austria
79%
Croatia
54%
Bulgaria
51%
France
42%
Greece
42%
Estonia
40%
Iceland
40%
Kosovo
40%
Germany
39%
Ireland
39%
Malta
39%
Serbia
39%
Czech Republic
37%
Norway
36%
San Marino
36%
Slovenia
36%
Spain
36%
Vatican City
36%
Lithuania
34%
North Macedonia
34%
Poland
34%
Russia
34%
No matching quizzes found
Score Distribution
Percent of People with Each Score
Percentile by Number Answered
Your Score History
You have not taken this quiz